| 000 | 00388pab a2200157 454500 | ||
|---|---|---|---|
| 008 | 180718b2007 xxu||||| |||| 00| 0 eng d | ||
| 100 | _aPant, Udaya S. | ||
| 245 | _a`Gram Swaraj' holds key to faster and sustainable rural development | ||
| 260 | _c2007 | ||
| 300 | _ap.3-6. | ||
| 362 | _aAug | ||
| 650 | _aRural development | ||
| 773 | _aKurukshetra | ||
| 908 | _aN | ||
| 909 | _a75546 | ||
| 999 |
_c75546 _d75546 |
||